000
00313nam a2200133Ia 4500
008
240624s9999 xx 000 0 und d
041
_a
eng
082
_a
778.71 ANG
100
_a
ANG TOM
245
_a
HOW TO PHOTOGRAPH ABSOLUTELY EVERYTHING
260
_c
2009
_b
Penguin
300
_a
384 : p.
365
_c
RS
_b
30
999
_c
26987
_d
26987